BIBLIOTHÈQUE DE LA MAISON DU MEXIQUE

Logo 1 Logo 2

Emocionario poético (Registro nro. 7478)

Detalles MARC
000 -Sello discográfico
campo de control de longitud fija 00724nam a2200253 4500
005 - Identificación de versión
campo de control 20251016084811.0
099 ## - fechas locales
Tipo de ítem Koha LIBRO
100 ## - Datos de procesamiento general
Datos de procesamiento general 20240821d1974 m y1spay5003 ba
105 ## - Campo de datos codificados: Material textual, monográfico
Datos codificados de monografía y 001gy
200 1# - Título y mención de responsabilidad
Título propio Emocionario poético
Designación general del material texto impreso
Primer mención de responsabilidad Arturo Cadilla
210 ## - Publicación, distribución, etc.
Lugar de publicación, distribución, etc. México
Nombre del editor, distribuidor, etc. Editorial Orión
Fecha de publicación, distribución, etc. 1974
215 ## - Descripción física
Designación de material específico y extensión del ítem 216 p
Dimensiones 17 cm
345 ## - Nota de información de adquisición
Fuente de adquisición/dirección de la suscripción [OBSOLETO] Donación
606 ## - Término temático usado como materia
Elemento de entrada Poesía puertorriqueña
Subdivisión cronológica Siglo XX
Número Koha 13454
660 ## - Código de área geográfica
Código MX
700 ## - Nombre personal - Responsabilidad primaria
Elemento de entrada Cadilla Cadilla
Parte del nombre distinta del elemento de entrada Arturo
Fechas 1895-1991
Número Koha 13455
801 #0 - Fuente de origen
País FR
Agencia cm
Reglas de catalogación (convenciones descriptivas) AFNOR
900 ## -
-- 1/23038
900 ## -
-- 7100417642\080104
942 ## - ELEMENTOS DE ENTRADA SECUNDARIOS (KOHA)
Tipo de ítem Koha Libro
996 ## -
-- MEX
-- 751145101
-- MMAG
-- 010970
-- PR861.4 C124EM
-- 20240821LIV
Existencias
Estatus retirado Estado de daño Estado de pérdida Fecha de adquisición Biblioteca de origen Biblioteca actual Ubicación en estantería Código de barras Precio de reemplazo Signatura topográfica completa No para préstamo Tipo de ítem Koha Nota pública Nota no pública
      05/08/2025 Casa México Paris Casa México Paris   010970 05/08/2025 PR861.4 C124EM   Libro 20240821LIV 751145101